Joueurs Français ayant marqué un triplé en LDC - Statistiques

Statistiques générales
  • Ce quiz a été pris 787 fois
  • Le résultat moyen est 5 sur 10
Statistiques - réponses
Club Joueur % Correct
Paris-Saint-Germain Mbappé
94%
Real Madrid Benzema
93%
Arsenal Henry
90%
Arsenal Giroud
58%
Paris-Saint-Germain Kurzawa
57%
FC Séville Ben Yedder
55%
Olympique de Marseille Gignac
34%
Olympique Lyonnais Gomis
27%
Olympique Lyonnais Wiltord
18%
Olympique de Marseille Sauzée
3%
Aucun quiz correspondant
Distribution des résultats
% des personnes avec chaque résultat
Percentile par nombre de réponses
Votre historique - résultats
Vous n’avez pas pris ce quiz